Central Library || Chittagong University

A text book of electical trchnology in rationalizrd M.K.S.A. system of units ./ (Record no. 112004)

MARC details
000 -LEADER
fixed length control field 00525nam a22001697a 4500
003 - CONTROL NUMBER IDENTIFIER
control field BD-ChCU
005 - DATE AND TIME OF LATEST TRANSACTION
control field 20260401140324.0
008 - FIXED-LENGTH DATA ELEMENTS--GENERAL INFORMATION
fixed length control field 260401b bg ||||| |||| 00| 0 ben d
040 ## - CATALOGING SOURCE
Transcribing agency BD-ChCU
082 ## - DEWEY DECIMAL CLASSIFICATION NUMBER
Classification number 621.3 THT
100 ## - MAIN ENTRY--PERSONAL NAME
Personal name Theraja , B.L.
9 (RLIN) 21058
245 ## - TITLE STATEMENT
Title A text book of electical trchnology in rationalizrd M.K.S.A. system of units ./
Statement of responsibility, etc. B.L. Theraja .
260 ## - PUBLICATION, DISTRIBUTION, ETC.
Place of publication, distribution, etc. New Delhi :
Name of publisher, distributor, etc. S. Chand .
Date of publication, distribution, etc. C 1972
300 ## - PHYSICAL DESCRIPTION
Extent xxvi , 1830p.
650 #0 - SUBJECT ADDED ENTRY--TOPICAL TERM
Topical term or geographic name entry element Electric Apparatus and Appliances .
9 (RLIN) 21059
942 ## - ADDED ENTRY ELEMENTS (KOHA)
Source of classification or shelving scheme Dewey Decimal Classification
Koha item type Books
Suppress in OPAC No
Holdings
Withdrawn status Lost status Source of classification or shelving scheme Damaged status Not for loan Home library Current library Shelving location Date acquired Source of acquisition Total Checkouts Full call number Barcode Date last seen Copy number Price effective from Koha item type
    Dewey Decimal Classification     Chittagong University Library Chittagong University Library Business and Social Science Reading Room 04/01/2026 Purchase   621.3 THT 88690 04/01/2026 C-1 04/01/2026 Books
© Copyright 2026. Chittagong University Library, Installation and Maintenance by Prof. Dr. Md. Alamgir, 01711306253